Cliquez sur la bonne traduction en allemand - Les vêtements - Statistiques

Statistiques générales
  • Ce quiz a été pris 124 fois
  • Le résultat moyen est 13 sur 25
Statistiques - réponses
Hint Réponse % Correct
Cravate Krawatte
80%
Chaussette Socke
79%
Pantalon Pants
75%
Survêtement de sport Trainingsanzug
71%
Pantoufles Pantoffeln
66%
Manteau Mantel
64%
Pull Sweater
59%
Sous-vêtements Unterwäsche
59%
Gants Handschuhe
57%
Chapeau Hut
57%
Robe Kleid
50%
Jupe Rock
50%
Echarpe Schal
48%
Slip Boxer
46%
Soutien-gorge Büstenhalter
46%
Sac à main Handtasche
46%
Casquette Kappe
46%
Veste Jacke
45%
Basket Turnschuhe
43%
Chemise Shirt
36%
Collants Strumpfhose
34%
Gilet Weste
30%
Ceinture Gürtel
27%
Bonnet Mütze
23%
Bottes Stiefel
13%
Aucun quiz correspondant
Distribution des résultats
% des personnes avec chaque résultat
Percentile par nombre de réponses
Votre historique - résultats
Vous n’avez pas pris ce quiz